Statistics for World Capitals Containing L - Three Minute Sprint

Click here to take the quiz!

General Stats

  • This quiz has been taken 451 times
  • The average score is 34 of 54

Answer Stats

Answer% Correct
London
89%
Oslo
83%
Lima
81%
Lisbon
81%
Luanda
81%
Dublin
80%
Brasília
79%
Helsinki
79%
Algiers
78%
Berlin
78%
Lusaka
76%
Wellington
76%
Stockholm
73%
Tallinn
73%
Ulaanbaatar
73%
Jerusalem
72%
Ljubljana
72%
New Delhi
71%
Valletta
71%
Brussels
70%
Luxembourg
70%
Vilnius
70%
Lilongwe
67%
Dili
64%
Islamabad
64%
Bratislava
63%
Guatemala City
63%
Lomé
63%
Kuala Lumpur
62%
Andorra la Vella
60%
Belmopan
60%
Libreville
60%
Manila
60%
La Paz
59%
Tripoli
59%
Kampala
57%
Brazzaville
56%
Kigali
56%
Belgrade
53%
Kabul
53%
Malé
53%
San Salvador
53%
Seoul
52%
Tegucigalpa
52%
Palikir
51%
Port Louis
50%
Tbilisi
50%
Malabo
48%
Banjul
47%
Bloemfontein
42%
Port Vila
42%
Ngerulmud
41%
Colombo
36%
Nukuʻalofa
36%

Score Distribution

Percentile by Number Answered

Percent of People with Each Score

Your Score History

You have not taken this quiz